The Steel Industry in Communist China
محفوظ في:
| المؤلف الرئيسي: | |
|---|---|
| التنسيق: | كتاب |
| اللغة: | Undetermined |
| منشور في: |
New York
Frederick A. Praeger
1965
|
| الموضوعات: | |
| الوسوم: |
إضافة وسم
لا توجد وسوم, كن أول من يضع وسما على هذه التسجيلة!
|
| Thư viện lưu trữ: | Trung tâm Học liệu Trường Đại học Cần Thơ |
|---|
| LEADER | 00495nam a2200181Ia 4500 | ||
|---|---|---|---|
| 001 | CTU_92093 | ||
| 008 | 210402s9999 xx 000 0 und d | ||
| 082 | |a 338.47 | ||
| 082 | |b W959 | ||
| 100 | |a Yuan - Li Wu | ||
| 245 | 4 | |a The Steel Industry in Communist China | |
| 245 | 0 | |c Yuan - Li Wu | |
| 260 | |a New York | ||
| 260 | |b Frederick A. Praeger | ||
| 260 | |c 1965 | ||
| 650 | |a Steel industry and trade China | ||
| 904 | |i Hiếu | ||
| 980 | |a Trung tâm Học liệu Trường Đại học Cần Thơ | ||